Normal view
MARC view
- المعايطة، صلاح
Entry Personal Name
001 - CONTROL NUMBER
- control field: 41211
003 - CONTROL NUMBER IDENTIFIER
- control field: JO-AjAnu
005 - DATE AND TIME OF LATEST TRANSACTION
- control field: 20230606080839.0
008 - FIXED-LENGTH DATA ELEMENTS
- fixed length control field: 230606|| aca||aabn | a|a d
040 ## - CATALOGING SOURCE
- Original cataloging agency: JO-AjAnu
- Transcribing agency: JO-AjAnu
100 ## - HEADING--PERSONAL NAME
- Personal name: المعايطة، صلاح
670 ## - SOURCE DATA FOUND
- Source citation: Work cat.: (JO-AjAnu)21120: المعايطة، صلاح, author, دعوى الدية وتطبيقاتها في المحاكم الشرعية الأردنية